00718nam a2200181 i 450000100060000000300090000600500170001500700030003200800410003510000300007624501530010626000640025930000220032370000320034585200210037799900170039895201210041547745ES-MaACL20230906161625.0t|030521s1909 fr ||||1| fre d1 aBlancarnoux, Paul.92912610aConstructions rurales b: matériaux, habitations des gens, logements des animaux et des récoltes / cpar Paul Blancarnoux et Pierre Blancarnoux. aParis : bL. Laveur, c[1909] (ePoitiers : fBlais et Roy) a269 p. ; c17 cm.1 aBlancarnoux, Pierre.929127 aES-MaACLjF-3317 c47745d47745 00104070aATENEOMbATENEOMcDEPO2d2008-01-17eSCl0oF-3317p1050239r2023-02-23 00:00:00w2023-02-23yMONOGRAFIA